Colección de Tesis Doctorales de la Facultad de Ciencias Económicas (UBA) (Registro nro. 8660)
[ vista simple ]
| 000 -LEADER | |
|---|---|
| fixed length control field | 01077nas a2200253 454500 |
| 001 - CONTROL NUMBER | |
| control field | 28863 |
| 005 - DATE AND TIME OF LATEST TRANSACTION | |
| control field | 20260407193507.0 |
| 008 - FIXED-LENGTH DATA ELEMENTS--GENERAL INFORMATION | |
| fixed length control field | 260407s2007####ag###########|||spa#d |
| 003 - CONTROL NUMBER IDENTIFIER | |
| control field | AR-UNSa-BCEJYS |
| 040 ## - CATALOGING SOURCE | |
| Original cataloging agency | AR-UNSa-BCEJYS |
| Language of cataloging | spa |
| Transcribing agency | AR-UNSa-BCEJYS |
| 080 ## - UNIVERSAL DECIMAL CLASSIFICATION NUMBER | |
| Universal Decimal Classification number | 378.245 |
| Common auxiliary subdivision | Títulos basados en tesis. Tesis doctorales (Posgrados) |
| 022 ## - INTERNATIONAL STANDARD SERIAL NUMBER | |
| International Standard Serial Number | 1851-9512 |
| 041 ## - LANGUAGE CODE | |
| Language code of text/sound track or separate title | spa |
| 100 1# - MAIN ENTRY--PERSONAL NAME | |
| Personal name | Universidad de Buenos Aires. Facultad de Ciencias Económicas. Secretaría de Investigación y Doctorado |
| 245 10 - TITLE STATEMENT | |
| Title | Colección de Tesis Doctorales de la Facultad de Ciencias Económicas (UBA) |
| 264 #1 - PRODUCTION, PUBLICATION, DISTRIBUTION, MANUFACTURE, AND COPYRIGHT NOTICE | |
| Place of production, publication, distribution, manufacture | Buenos Aires : |
| Name of producer, publisher, distributor, manufacturer | Secretaría de Investigación y Doctorado |
| Date of production, publication, distribution, manufacture, or copyright notice | 2007 |
| 590 ## - LOCAL NOTE (RLIN) | |
| Local note | niveau_biblio:s niveau_hierar:1 |
| 650 ## - SUBJECT ADDED ENTRY--TOPICAL TERM | |
| Topical term or geographic name entry element | Investigación |
| 650 ## - SUBJECT ADDED ENTRY--TOPICAL TERM | |
| Topical term or geographic name entry element | Tesis |
| 650 ## - SUBJECT ADDED ENTRY--TOPICAL TERM | |
| Topical term or geographic name entry element | Investigación económica |
| 650 ## - SUBJECT ADDED ENTRY--TOPICAL TERM | |
| Topical term or geographic name entry element | INVESTIGACION CIENTIFICA |
| 856 41 - ELECTRONIC LOCATION AND ACCESS | |
| Uniform Resource Identifier | <a href="https://biblioeco.unsa.edu.ar/pmb/images/revistas/Universidad de Buenos Aires Facultad de Ciencias Economicas tesis(Influencia de las caracteristicas de personalidad)-r13935.jpg">https://biblioeco.unsa.edu.ar/pmb/images/revistas/Universidad de Buenos Aires Facultad de Ciencias Economicas tesis(Influencia de las caracteristicas de personalidad)-r13935.jpg</a> |
| Link text | Imagen de portada |
| Electronic format type | image/jpeg |
| 942 ## - ADDED ENTRY ELEMENTS (KOHA) | |
| Koha item type | |
| Withdrawn status | Lost status | Damaged status | Not for loan | Home library | Current library | Shelving location | Date acquired | Serial enumeration / chronology | Total checkouts | Full call number | Barcode | Date last seen | Price effective from | Koha item type |
|---|---|---|---|---|---|---|---|---|---|---|---|---|---|---|
| Biblioteca Prof. Eusebio Cleto del Rey | Biblioteca Prof. Eusebio Cleto del Rey | 01/07/2010 | Año 4, Nº 1 - (jul. 2010) | H378.245 COL a4.n1 | R13968 | 10/04/2026 | 10/04/2026 | Numero | ||||||
| Biblioteca Prof. Eusebio Cleto del Rey | Biblioteca Prof. Eusebio Cleto del Rey | 01/11/2009 | Año 3, Nº 1 - (nov. 2009) | H378.245 COL a3.n1 | R13967 | 10/04/2026 | 10/04/2026 | Numero | ||||||
| Biblioteca Prof. Eusebio Cleto del Rey | Biblioteca Prof. Eusebio Cleto del Rey | 01/07/2009 | Año 2, Nº 2 - (jul. 2009) | H378.245 COL a2.n2 | R13966 | 10/04/2026 | 10/04/2026 | Numero | ||||||
| Biblioteca Prof. Eusebio Cleto del Rey | Biblioteca Prof. Eusebio Cleto del Rey | 01/11/2008 | Año 2, Nº 1/2 - nov. 2008 | H378.245 COL a2.n1/2 | R13965 | 10/04/2026 | 10/04/2026 | Numero | ||||||
| Biblioteca Prof. Eusebio Cleto del Rey | Biblioteca Prof. Eusebio Cleto del Rey | 01/11/2008 | Año 2, Nº 1/1 - nov. 2008 | H378.245 COL a2.n1/1 | R13964 | 10/04/2026 | 10/04/2026 | Numero | ||||||
| Biblioteca Prof. Eusebio Cleto del Rey | Biblioteca Prof. Eusebio Cleto del Rey | 01/08/2008 | Año 1, Nº 2 - ago. 2008 | H378.245 COL a1.n2 | R13963 | 10/04/2026 | 10/04/2026 | Numero | ||||||
| Biblioteca Prof. Eusebio Cleto del Rey | Biblioteca Prof. Eusebio Cleto del Rey | 01/07/2008 | Año 1, Nº 1 - jul. 2008 | H378.245 COL a1.n1 | R13935 | 10/04/2026 | 10/04/2026 | Numero |